Undergraduate topology
Αποθηκεύτηκε σε:
| Κύριος συγγραφέας: | |
|---|---|
| Μορφή: | Βιβλίο |
| Γλώσσα: | English |
| Δημοσίευση: |
Huntington, N.Y. :
R. E. Krieger Pub. Co.,
1986, c1971
|
| Έκδοση: | 1st ed., Repr. |
| Θέματα: | |
| Ετικέτες: |
Προσθήκη ετικέτας
Δεν υπάρχουν, Καταχωρήστε ετικέτα πρώτοι!
|
MARC
| LEADER | 00000cam a2200000 i 4500 | ||
|---|---|---|---|
| 001 | 1/55107 | ||
| 008 | 941103r19711986 eng d | ||
| 020 | |a 978-0-486-47419-9 | ||
| 020 | |a 0882754440 | ||
| 035 | |l 10045191 | ||
| 035 | |a 1987 | ||
| 040 | |a GR-MY-UA |b gre |e aacr | ||
| 041 | 0 | |a eng | |
| 082 | 0 | |a 514.3 | |
| 100 | 1 | |a Kasriel, Robert Herman. | |
| 245 | 1 | 0 | |a Undergraduate topology / |c Robert H. Kasriel |
| 250 | |a 1st ed., Repr. | ||
| 260 | |a Huntington, N.Y. : |b R. E. Krieger Pub. Co., |c 1986, c1971 | ||
| 300 | |a xiv, 285 p.; |b ill.; |c 26 cm. | ||
| 500 | |a Reprint of the ed. published by Saunders, Philadelphia | ||
| 500 | |a Includes index | ||
| 504 | |a Bibliography: p. 277-278 | ||
| 650 | 0 | 0 | |a Topology. |
| 650 | 0 | 0 | |a Set theory. |
| 852 | |a INST |b CHIOS |e 20130520 |h 514.3 KAS |p 005200035315 |q 005200035315 |t BK |y 0 | ||
| 852 | |a INST |b SAMOS |e 19941103 |h 514.3 KAS |p 005300001690 |q 005300001690 |t BK |y 0 | ||
| 901 | |a BIBL2-2013-2 | ||
| 909 | |a Σ |b 008209 | ||
| 909 | |a Χ |b 177211 | ||
| 922 | |a 2ΕΛΗ |b 201210 |c ΤΑΚ/ΤΜΟΔ |d ΙΩΑΝΝΙΔΟΥ | ||